000 01087nam a2200289 a 4500
001 000002635
003 DO-SdBNP
005 20171102121046.0
007 000002635
008 090703s2009 dr a 000 0 spa d
020 _a9789945868814
040 _aBPMET
_bspa
_cBPMET
092 _axxxx
_bxxxx
100 1 _aEsquea, Rosa Francia
245 1 0 _aJuegos, recuerdos y tradiciones :
_bpoesías /
_cRosa Francia Esquea ; ilustraciones Johanna Patricia Joaquín.
260 _aSanto Domingo :
_bSociedad Cultural Renovación,
_c2009.
300 _a83 p. :
_bil.
_c20 cm.
490 _aPor nuestro país primero
586 _a"Premio Único a Nivel Nacional, categoría adultos, género literatura infantil 'Delia Quesada,' 2008, concurso literario por Nuestro País Primero"
700 1 2 _aJoaquín, Johanna Patricia
_eil.
830 _lPor nuestro país primero
930 1 _lBND01
_mLF1
_820090703
_f01
_pCT
_g430
942 _2ddc
_cBK
945 _aTitulo remanejado para la BNPHU
956 _aAVARGAS
_b10
_c20090703
_lBND01
_h0906
956 _aLOPEREZ
_b10
_c20150216
_lBND01
_h1358
999 _c7409
_d7409